TOP 100 Football Players in 2024/25 - Statistics

General Stats
  • This quiz has been taken 279 times
  • The average score is 60 of 100
Answer Stats
Place Club Player Name % Correct
5. Barcelona Lamine Yamal
94%
10. Real Madrid Kylian Mbappé
93%
6. Liverpool Mohamed Salah
93%
1. Paris Saint-Germain Ousmane Dembélé
93%
2. Barcelona Raphinha
91%
12. Chelsea Cole Palmer
90%
4. Paris Saint-Germain Vitinha
89%
22. Paris Saint-Germain Gianluigi Donnarumma
87%
7. Barcelona Pedri
87%
16. Inter Milan Lautaro Martínez
86%
3. Paris Saint-Germain Nuno Mendes
85%
9. Paris Saint-Germain Désiré Doué
84%
27. Manchester City Erling Haaland
84%
25. Bayern Munich Harry Kane
84%
8. Paris Saint-Germain Achraf Hakimi
83%
39. Liverpool Virgil van Dijk
83%
74. Aston Villa Emiliano Martínez
82%
14. Barcelona Robert Lewandowski
82%
86. Al-Nassr Cristiano Ronaldo
81%
66. Inter Miami Lionel Messi
81%
56. Barcelona Iñigo Martínez
80%
32. Arsenal Bukayo Saka
78%
15. Paris Saint-Germain Khvicha Kvaratskhelia
78%
37. Newcastle United Alexander Isak
77%
33. Paris Saint-Germain Bradley Barcola
77%
53. Bayer Leverkusen Florian Wirtz
77%
19. Paris Saint-Germain Marquinhos
77%
13. Paris Saint-Germain João Neves
75%
21. Sporting CP Viktor Gyökeres
75%
20. Real Madrid Jude Bellingham
73%
44. Liverpool Alisson
72%
54. Arsenal William Saliba
71%
11. Paris Saint-Germain Fabián Ruiz
69%
46. Arsenal Gabriel Magalhães
69%
18. Bayern Munich Jamal Musiala
69%
63. Athletic Bilbao Nico Williams
69%
17. Liverpool Alexis Mac Allister
68%
61. Real Madrid Rodrygo
68%
70. Manchester United Bruno Fernandes
67%
51. Atlético Madrid Julián Álvarez
67%
64. Liverpool Luis Díaz
67%
23. Bayern Munich Michael Olise
67%
43. Arsenal Declan Rice
66%
65. Galatasaray Victor Osimhen
66%
48. Bayern Munich Joshua Kimmich
65%
62. Inter Milan Nicolò Barella
65%
28. Paris Saint-Germain Willian Pacho
65%
52. Liverpool Trent Alexander-Arnold
64%
93. Atlético Madrid Antoine Griezmann
62%
26. Real Madrid Federico Valverde
62%
35. Barcelona Jules Koundé
62%
24. Inter Milan Alessandro Bastoni
61%
40. Real Madrid Thibaut Courtois
61%
77. Crystal Palace Eberechi Eze
60%
30. Barcelona Pau Cubarsí
60%
60. Liverpool Cody Gakpo
59%
73. Liverpool Dominik Szoboszlai
59%
67. Real Madrid Antonio Rüdiger
58%
29. Chelsea Enzo Fernández
57%
38. Chelsea Moisés Caicedo
57%
34. Liverpool Ryan Gravenberch
57%
31. Napoli Scott McTominay
57%
59. Inter Milan Marcus Thuram
56%
36. Inter Milan Yann Sommer
56%
75. Arsenal Martin Ødegaard
55%
55. Inter Milan Denzel Dumfries
54%
42. Barcelona Frenkie de Jong
54%
41. Borussia Dortmund Serhou Guirassy
53%
50. Real Madrid Aurélien Tchouaméni
52%
57. Newcastle United Bruno Guimarães
52%
82. Brentford Bryan Mbeumo
52%
68. Inter Milan Federico Dimarco
52%
76. Napoli Romelu Lukaku
50%
94. Atalanta Ademola Lookman
48%
47. Barcelona Dani Olmo
47%
58. Chelsea Marc Cucurella
45%
85. Bournemouth Dean Huijsen
43%
69. Palmeiras Estêvão
43%
45. Inter Milan Hakan Çalhanoğlu
43%
71. Atlético Madrid Jan Oblak
41%
92. Arsenal Kai Havertz
41%
95. Wolverhampton Wanderers Matheus Cunha
40%
96. RB Leipzig Xavi Simons
39%
91. Real Betis Isco
38%
100. Olympique de Marseille Mason Greenwood
37%
49. Manchester City Omar Marmoush
35%
89. Newcastle United Sandro Tonali
35%
79. AC Milan Christian Pulisic
34%
81. Arsenal Jurriën Timber
34%
84. Aston Villa Morgan Rogers
32%
87. Nottingham Forest Murillo
24%
99. Atalanta Mateo Retegui
23%
72. Athletic Bilbao Oihan Sancet
23%
80. Bayern Munich Aleksandar Pavlović
21%
90. Bournemouth Justin Kluivert
21%
98. Lille OSC Lucas Chevalier
17%
83. Barcelona Marc Casadó
17%
78. Inter Milan Benjamin Pavard
15%
97. Fluminense Jhon Arias
6%
88. Flamengo Wesley
2%
No matching quizzes found
Score Distribution
Percent of People with Each Score
Percentile by Number Answered
Your Score History
You have not taken this quiz